| 000 | 00639nam a2200205Ia 4500 | ||
|---|---|---|---|
| 003 | GCL | ||
| 008 | 140319s9999 xx 000 0 ara d | ||
| 040 |
_aGCL / _cGCL |
||
| 082 | 0 | 4 |
_a191 _bح ا |
| 100 | 1 | _aحسن الضيقة | |
| 245 | 1 | 0 |
_aالاخر فى منظور الفكر العربى الحديث / _cحسن الضيقة |
| 250 | _aالاولى | ||
| 260 |
_aبيروت : _bدار الفكر اللبنانى ، _c1994 |
||
| 300 |
_a168 ص ؛ _c21 سم |
||
| 490 | _a | ||
| 650 | 0 | 4 | _aالفلسفة |
| 650 | 0 | 4 | _aالفلسفة الغربية |
| 650 | 0 | 4 | _aالفلسفة الغربية الحديثة |
| 942 |
_2ddc _cBK |
||
| 999 |
_c45493 _d45493 |
||